000 00289nam a2200121Ia 4500
005 20251222140053.0
008 251222s1900||||xx |||||||||||||| ||spa||
082 _a173.054.2/B73
100 _aBonet, Alberto
245 0 _aLa Conciencia Moral del NiƱo
264 _bPontificio
942 _cLIB
999 _c3683
_d3683